• 首页
  • 本馆介绍
  • 公告通知
  • 最新文献
  • 馆藏检索
  • 电子资源
  • 读者导购
  • 参考咨询
  • 我的图书馆
  • 登录
  • 详细信息显示
  • 放入我的书架
  • 预约/预借图书
  • 作者相关作品
  • 分类相关作品
  • 丛书相关作品
  • 出版社相关作品

书目信息

  • 表格格式
  • 工作单格式
  • 卡片格式
题名:
嵌入式操作系统ASOS的调度方法
    
 
作者: 孙媛 , 闫晓东 , 王志娟 著
分册:  
出版信息: 北京   中央民族大学出版社  2013
页数: 167页
开本: 26cm
丛书名: 国家语言资源监测与研究中心少数民族语言分中心计算语言学系列丛书
单 册:
中图分类: TP316.2
科图分类:
主题词: 实时操作系统--调度程序
电子资源:
ISBN: 978-7-5660-0580-9
000 01414nam0 2200289 450
001 0103142106
005 20140619150159.0
010    @a978-7-5660-0580-9@dCNY39.00
100    @a20140430d2013 em y0chiy0120 ea
101 0  @achi
102    @aCN@b110000
105    @aa z 000yy
106    @ar
200 1  @a嵌入式操作系统ASOS的调度方法@9Qian;Kan Ru Shi Cao Zuo Xi;Ji Tong A S O S De;Di Diao;Tiao Du;Duo Fang Fa @f孙媛,闫晓东,王志娟著@b专著@dScheduling algorithms of application specific embedded operating systems@zeng
210    @a北京@c中央民族大学出版社@d2013
215    @a167页@c图@d26cm
225 1  @a国家语言资源监测与研究中心少数民族语言分中心计算语言学系列丛书@f戴庆厦,赵小兵主编
300    @a中央民族大学“985工程”中国少数民族语言文化教育与边疆史地研究创新基地文库
330    @a本书针对ASOS操作系统的特点,对经典的基于优先级的抢占式调度策略和时间驱动调度策略进行了介绍,利用实时系统相关的理论方法,从体系结构和调度算法两个方面深入研究了特定应用的汽车专用操作系统vASOS。将汽车内部系统分为三大类,并对三大部分进行了建模。
510 1  @aScheduling algorithms of application specific embedded operating systems@zeng
606 0  @a实时操作系统@x调度程序
690    @aTP316.2@v5
701  0 @a孙媛@c(女)@4著@9sun yuan
701  0 @a闫晓东@c(计算机)@4著@9yan xiao dong
701  0 @a王志娟@c(计算机)@4著@9wang zhi juan
801  0 @aCN@bAZmarc@c20230902
905    @aBZT@dTP316@e140@f3@sTP316/140
    
    嵌入式操作系统ASOS的调度方法/孙媛,闫晓东,王志娟著=Scheduling algorithms of application specific embedded operating systems.-北京:中央民族大学出版社,2013
    167页:图;26cm.-(国家语言资源监测与研究中心少数民族语言分中心计算语言学系列丛书/戴庆厦,赵小兵主编)
    中央民族大学“985工程”中国少数民族语言文化教育与边疆史地研究创新基地文库
    
    ISBN 978-7-5660-0580-9:CNY39.00
    本书针对ASOS操作系统的特点,对经典的基于优先级的抢占式调度策略和时间驱动调度策略进行了介绍,利用实时系统相关的理论方法,从体系结构和调度算法两个方面深入研究了特定应用的汽车专用操作系统vASOS。将汽车内部系统分为三大类,并对三大部分进行了建模。
●
相关链接 在五车中查询图书 在当当中查询图书 在豆瓣中查询图书


正题名:嵌入式操作系统ASOS的调度方法     索取号:TP316/140         预约/预借

序号 登录号 条形码 馆藏地/架位号 状态 备注
1 2000000901   2000000901   旧书回溯/ [索取号:TP316/140] 在馆    
2 2000000902   2000000902   旧书回溯/ [索取号:TP316/140] 在馆    
3 2000000903   2000000903   旧书回溯/ [索取号:TP316/140] 在馆    
山东省滨州职业学院图书馆 欢迎您!
大连网信软件有限公司© 版权所有